| 000 | 00583nam a2200205Ia 4500 | ||
|---|---|---|---|
| 005 | 20260429112012.0 | ||
| 008 | 260429s9999||||xx |||||||||||||| ||und|| | ||
| 020 | _a9781032781792 | ||
| 041 | _aEnglish | ||
| 082 |
_a375 _bMOO |
||
| 100 | _aMoore, Melanie | ||
| 245 | 0 |
_aCurriculum simplicity : _ba practical guide for developing your primary curriculum / _cMelanie Moore |
|
| 250 | _a1st ed. | ||
| 260 |
_aNew Delhi : _bRoutledge, _c2025. |
||
| 300 | _axi, 218 p.; pbk | ||
| 650 | _a Pedagogy | ||
| 650 | _a Primary education | ||
| 650 | _aCurriculum design | ||
| 942 | _cTB | ||
| 999 |
_c51833 _d51833 |
||